Sports Quiz

Random Sports or Soccer Quiz

Last XI: Manzano - Atlético Madrid Quiz Stats

 Plays Quiz not verified by Sporcle

Support Sporcle.
Go Orange.
Score 0/33 Timer 07:00
0 Plays Today
Team and Competition Player Name % Correct
Albacete, Copa del Rey 2011Diego Godín
99.4%
Real Betis, La Liga 2011Diego Godín
99.4%
Stade Rennais, Europa League 2011Diego Godín
99.4%
Real Betis, La Liga 2011Arda Turan
97.7%
Stade Rennais, Europa League 2011Arda Turan
97.7%
Albacete, Copa del Rey 2011Radamel Falcao
96.5%
Real Betis, La Liga 2011Radamel Falcao
96.5%
Stade Rennais, Europa League 2011Radamel Falcao
96.5%
Albacete, Copa del Rey 2011Filipe Luís
96%
Real Betis, La Liga 2011Filipe Luís
96%
Stade Rennais, Europa League 2011Filipe Luís
96%
Albacete, Copa del Rey 2011Juanfran
93.1%
Real Betis, La Liga 2011Juanfran
93.1%
Real Betis, La Liga 2011Thibaut Courtois
93.1%
Albacete, Copa del Rey 2011Koke
91.3%
Stade Rennais, Europa League 2011Koke
91.3%
Albacete, Copa del Rey 2011Gabi
90.2%
Team and Competition Player Name % Correct
Real Betis, La Liga 2011Gabi
90.2%
Albacete, Copa del Rey 2011Miranda
89%
Albacete, Copa del Rey 2011Diego
77.5%
Real Betis, La Liga 2011Diego
77.5%
Stade Rennais, Europa League 2011Diego
77.5%
Albacete, Copa del Rey 2011Adrián López
67.6%
Real Betis, La Liga 2011Adrián López
67.6%
Stade Rennais, Europa League 2011Adrián López
67.6%
Stade Rennais, Europa League 2011Luis Perea
50.3%
Albacete, Copa del Rey 2011Sergio Asenjo
42.8%
Stade Rennais, Europa League 2011Sergio Asenjo
42.8%
Albacete, Copa del Rey 2011Paulo Assunção
42.2%
Real Betis, La Liga 2011Paulo Assunção
42.2%
Stade Rennais, Europa League 2011Paulo Assunção
42.2%
Real Betis, La Liga 2011Álvaro Domínguez
30.6%
Stade Rennais, Europa League 2011Álvaro Domínguez
30.6%

You're not logged in!

Compare scores with friends on all Sporcle quizzes.
OR
Log In

From the Vault

60 Second Blitz: World Capitals

by 1447

How much of the world can you conquer on 60 seconds?
Remove Ads.
Support Sporcle.
Get the best of Sporcle when you Go Orange. This ad-free experience offers more features, more stats, and more fun while also helping to support Sporcle. Thank you for becoming a member.

Show Comments

Extras

Top Quizzes Today


Score Distribution

Your Account Isn't Verified!

In order to create a playlist on Sporcle, you need to verify the email address you used during registration. Go to your Sporcle Settings to finish the process.

Report this User

Report this user for behavior that violates our Community Guidelines.

Details: